Historia de la ciencia. tomo 2 /

Guardado en:
Autor Principal: Sartón, George
Formato: Libro
Publicado: Buenos Aires : Eudeba, 1965
Materias:
Etiquetas: Agregar Etiqueta
Sin Etiquetas, Sea el primero en etiquetar este registro!
LEADER 00644nam a22002175a 4500
001 CEM.cems007190
005 20060214000000.0
008 130507s1965##################000#0#####d
003 CEMS
082 0 4 |a 001.09 
100 1 |a Sartón, George 
245 1 0 |a Historia de la ciencia. tomo 2 / 
260 |a Buenos Aires :  |b Eudeba,  |c 1965 
300 |a v.2 299 p. 
653 |a Ciencia 
653 |a Ciencia-antiguedad 
653 |a Ciencia-grecia 
653 |a Ciencia-historia 
653 |a Historia de la ciencia 
859 |a CEMS  |b BIB. CEMS - 11 de abril  |h 001.09  |i Sa77/2  |p 1354.74  |t Ej.2 
859 |a CEMS  |b BIB. CEMS - 11 de abril  |h 001.09  |i Sa77/2  |p 577.73  |t Ej.1